000 00648nam a2200217Ia 4500
003 OSt
005 20221007065432.0
006 a|||||r|||| 00| 0
007 ta
008 221006b |||||||| |||| 00| 0 eng d
024 _a42,819
037 _cDissertations
040 _aFLL
_cFLL
_beng
041 _2eng
_aeng
100 _aKhatana M. S.
_9686996
245 0 _aProtection of women against sexual harassment at workplace
_b recent legislative trends and judicial approach
260 _aFaculty
_bof law University of Delhi
_c2015
300 _a125 xii
_ccm.
942 _cDIS
_2CC
999 _c1137273
_d1137273